Fast Typing 100 - 6 Letter Words - Statistics

General Stats
  • This quiz has been taken 502 times
  • The average score is 80 of 100
Answer Stats
Hint Answer % Correct
across across
98%
almost almost
98%
abroad abroad
96%
active active
96%
advise advise
96%
afraid afraid
96%
animal animal
96%
appear appear
96%
artist artist
96%
assist assist
96%
attend attend
96%
battle battle
96%
anyone anyone
95%
behind behind
95%
choice choice
95%
closed closed
95%
column column
95%
corner corner
95%
couple couple
95%
create create
95%
custom custom
95%
dealer dealer
95%
decide decide
95%
define define
95%
become become
94%
berlin berlin
94%
common common
94%
depend depend
94%
dinner dinner
94%
church church
93%
design design
93%
detect detect
93%
avenue avenue
92%
dollar dollar
92%
bishop bishop
88%
driven driven
86%
income income
86%
broken broken
85%
height height
85%
escape escape
84%
forest forest
84%
hardly hardly
84%
breath breath
82%
cancer cancer
82%
family family
82%
fellow fellow
82%
finger finger
82%
garden garden
82%
german german
82%
handed handed
82%
bottom bottom
81%
effect effect
81%
exceed exceed
81%
expand expand
81%
fabric fabric
81%
failed failed
81%
honest honest
81%
easily easily
80%
fables fables
80%
either either
79%
career career
78%
caught caught
76%
labour labour
76%
empire empire
75%
return return
75%
seller seller
75%
chance chance
74%
lights lights
73%
bottle bottle
72%
ending ending
72%
engine engine
72%
studio studio
72%
branch branch
71%
landed landed
71%
string string
71%
casual casual
69%
entire entire
69%
lesson lesson
69%
manual manual
69%
unable unable
69%
useful useful
69%
belief belief
68%
editor editor
68%
listen listen
68%
thrown thrown
68%
yellow yellow
68%
during during
67%
timing timing
67%
silent silent
65%
surely surely
65%
middle middle
62%
minute minute
62%
wealth wealth
59%
winner winner
58%
vision vision
55%
origin origin
53%
online online
48%
palace palace
48%
please please
47%
patent patent
46%
No matching quizzes found
Score Distribution
Percent of People with Each Score
Percentile by Number Answered
Your Score History
You have not taken this quiz